000 00293nam a22001337a 4500
008 170529b xxu||||| |||| 00| 0 eng d
020 _a0131717782
041 _aeng
080 _a62
100 _a27
101 _aIM
245 _aCONTROL SYSTEMS ENGINEERING
_cBANKS, S.P
942 _2udc
_cBK
999 _c14710
_d14710